000 00555nam a22002177a 4500
005 20170124110130.0
010 _a681792
020 _c00.00
035 _a681792
037 _bCen Lib/Ret
040 _aDPL
_bEN
082 _aMS
_bCHE
100 _aChesterton, G.K.
_929148
245 _aThe father brown omnibus /
_cby G.K. Chesterton
260 _aNew York
_bDodd, Mead and Company
_c1951
270 _bNew york
300 _axii, 993p.
_c17cm(Hb)
650 _aLiterature
_96262
650 _aNovel
_922513
942 _2ddc
_cEN
_hMN
_mCHE
999 _c131503
_d131503